[Event "LSS No Engine Cup 75 Preliminary 1"]
[Site "LSS email"]
[Date "2012.10.27"]
[Round "?"]
[White "Lorenti, Domenico"]
[Black "Murphy, Jones"]
[Result "1-0"]
[WhiteElo "1136"]
[BlackElo "1287"]
[PlyCount "43"]
[EventDate "2012.10.28"]
[EventType "tourn (corr)"]
[EventRounds "6"]
[EventCountry "GER"]
[SourceTitle "Telechess CBM 159"]
[Source "ChessBase"]
[SourceDate "2014.03.17"]
[SourceVersion "1"]
[SourceVersionDate "2014.03.17"]
[SourceQuality "1"]

1. e4 e6 2. d4 d5 3. Nc3 Bb4 4. e5 c5 5. a3 Bxc3+ 6. bxc3 Qc7 7. Nf3 Ne7 8. a4 b6 9. Bb5+ Bd7 10. Bd3 Nbc6 11. 0-0 h6 12. Ba3 Na5 13. Re1 0-0 14. dxc5 bxc5 15. c4 Rab8 16. cxd5 Nxd5 17. c4 Nb6 18. Qe2 Nxa4 19. Qe4 g6 20. Qf4 Kh7 21. Bc1 Rh8 22. Qxf7# 1-0

[Event "LSS No Engine Cup 75 Preliminary 1"]
[Site "LSS email"]
[Date "2012.10.27"]
[Round "?"]
[White "Murphy, Jones"]
[Black "Kalinin, Vyacheslav"]
[Result "0-1"]
[WhiteElo "1287"]
[BlackElo "1468"]
[PlyCount "80"]
[EventDate "2012.10.28"]
[EventType "tourn (corr)"]
[EventRounds "6"]
[EventCountry "GER"]
[SourceTitle "Telechess CBM 159"]
[Source "ChessBase"]
[SourceDate "2014.03.17"]
[SourceVersion "1"]
[SourceVersionDate "2014.03.17"]
[SourceQuality "1"]

1. e4 c6 2. Nc3 d5 3. d4 dxe4 4. Nxe4 Nf6 5. Nxf6+ gxf6 6. Nf3 Bg4 7. Be2 e6 8. Bf4 Bd6 9. Bxd6 Qxd6 10. 0-0 Nd7 11. c3 0-0-0 12. Nd2 h5 13. f3 Bf5 14. f4 Nb6 15. a4 Nd5 16. Nc4 Qc7 17. Qd2 Rdg8 18. b4 Be4 19. Bf3 Bxf3 20. Rxf3 Rg4 21. Raf1 Rhg8 22. R1f2 h4 23. Ne3 Nxe3 24. Qxe3 Qd6 25. Qd3 h3 26. Rxh3 Rxf4 27. Rhf3 Rh4 28. Rh3 Rhg4 29. Rh7 Rf4 30. Qe3 Rfg4 31. Rxf7 f5 32. Rf6 Kd7 33. Rf7+ Kc8 34. Rf6 Re4 35. Qd2 Qd5 36. h3 a5 37. bxa5 Qxa5 38. Qa2 Qxc3 39. Rxe6 Qe1+ 40. Rf1 Qe3+ 0-1

[Event "LSS No Engine Cup 73 Preliminary 5"]
[Site "LSS email"]
[Date "2012.09.24"]
[Round "?"]
[White "Murphy, Jones"]
[Black "Bieszk, Stanislaw"]
[Result "0-1"]
[WhiteElo "1283"]
[BlackElo "1246"]
[PlyCount "56"]
[EventDate "2012.09.25"]
[EventType "tourn (corr)"]
[EventRounds "6"]
[EventCountry "GER"]
[SourceTitle "Telechess CBM 159"]
[Source "ChessBase"]
[SourceDate "2014.03.17"]
[SourceVersion "1"]
[SourceVersionDate "2014.03.17"]
[SourceQuality "1"]

1. e4 c5 2. Nc3 Nc6 3. f4 g6 4. Nf3 Bg7 5. Bb5 e6 6. Bxc6 dxc6 7. d3 Ne7 8. 0-0 0-0 9. Qe1 b6 10. Qh4 a5 11. Bd2 h6 12. f5 exf5 13. Bxh6 f6 14. Rae1 fxe4 15. dxe4 Ra7 16. Rd1 Rd7 17. Kh1 g5 18. Nxg5 Rxd1 19. Rxd1 Qxd1+ 20. Nxd1 fxg5 21. Qe1 Bxh6 22. Ne3 Be6 23. h3 Bxa2 24. b3 Bg7 25. Nf5 Nxf5 26. exf5 a4 27. Qe6+ Kh8 28. g4 a3 0-1

[Event "LSS No Engine Cup 72 Preliminary 3"]
[Site "LSS email"]
[Date "2012.09.06"]
[Round "?"]
[White "Gomez, Pedro"]
[Black "Murphy, Jones"]
[Result "0-1"]
[WhiteElo "584"]
[BlackElo "1298"]
[PlyCount "42"]
[EventDate "2012.09.07"]
[EventType "tourn (corr)"]
[EventRounds "6"]
[EventCountry "GER"]
[SourceTitle "Telechess CBM 165"]
[Source "ChessBase"]
[SourceDate "2015.03.11"]
[SourceVersion "1"]
[SourceVersionDate "2015.03.11"]
[SourceQuality "1"]

1. e4 Nf6 2. e5 Nd5 3. c4 Nb6 4. c5 Nd5 5. d4 d6 6. Bc4 e6 7. cxd6 cxd6 8. exd6 Bxd6 9. Bb5+ Nd7 10. Nc3 Qa5 11. Nge2 0-0 12. 0-0 N7f6 13. a3 a6 14. b4 Bxb4 15. Bb2 Bxc3 16. Qb3 Bxb2 17. Rab1 Bxa3 18. Ra1 axb5 19. Ra2 Bd7 20. Rxa3 Qxa3 21. Qxa3 Rxa3 0-1

[Event "LSS No Engine Cup 72 Preliminary 3"]
[Site "LSS email"]
[Date "2012.09.06"]
[Round "?"]
[White "Murphy, Jones"]
[Black "Willmann, Bernd"]
[Result "0-1"]
[WhiteElo "1298"]
[BlackElo "1795"]
[PlyCount "50"]
[EventDate "2012.09.07"]
[EventType "tourn (corr)"]
[EventRounds "6"]
[EventCountry "GER"]
[SourceTitle "Telechess CBM 165"]
[Source "ChessBase"]
[SourceDate "2015.03.11"]
[SourceVersion "1"]
[SourceVersionDate "2015.03.11"]
[SourceQuality "1"]

1. e4 c5 2. Nc3 Nc6 3. f4 e6 4. Nf3 d5 5. Bb5 Nge7 6. exd5 Nxd5 7. Ne5 Bd7 8. Bxc6 Bxc6 9. Nxc6 bxc6 10. 0-0 Be7 11. Qe2 0-0 12. Ne4 f5 13. Nc3 Qd6 14. g3 Bf6 15. Nd1 Rae8 16. Ne3 Nxe3 17. dxe3 e5 18. Rd1 Qe6 19. Qf3 exf4 20. gxf4 Rd8 21. Bd2 Bxb2 22. Rab1 Qxa2 23. Be1 Rd5 24. c4 Rxd1 25. Qxd1 Bf6 0-1

[Event "LSS No Engine Cup 70 Preliminary 6"]
[Site "LSS email"]
[Date "2012.08.21"]
[Round "?"]
[White "Garcia, Javier N"]
[Black "Murphy, Jones"]
[Result "0-1"]
[WhiteElo "839"]
[BlackElo "1298"]
[PlyCount "60"]
[EventDate "2012.08.22"]
[EventType "tourn (corr)"]
[EventRounds "6"]
[EventCountry "GER"]
[SourceTitle "Telechess CBM 165"]
[Source "ChessBase"]
[SourceDate "2015.03.11"]
[SourceVersion "1"]
[SourceVersionDate "2015.03.11"]
[SourceQuality "1"]

1. d4 Nf6 2. c4 e6 3. Nc3 c5 4. d5 exd5 5. Nxd5 Nxd5 6. cxd5 d6 7. e4 g6 8. Nf3 Bg7 9. Bb5+ Nd7 10. 0-0 0-0 11. Bg5 Qc7 12. Rc1 Bxb2 13. Rc2 Bg7 14. Re1 a6 15. Bc4 b5 16. Bf1 Qb6 17. Be7 Re8 18. Bh4 Ne5 19. Nxe5 Bxe5 20. Be2 Rf8 21. Bg3 Bd4 22. Bh4 f5 23. exf5 Bxf5 24. Bd3 c4 25. Bxf5 Rxf5 26. Qe2 Re5 27. Qd2 Rae8 28. Rxe5 Rxe5 29. Bg3 Rxd5 30. Qf4 Bxf2+ 0-1